| 000 | 00616nam a2200181Ia 4500 | ||
|---|---|---|---|
| 999 |
_c13772 _d13772 |
||
| 082 | _aTO.0019 | ||
| 100 | _aOyiengo, Karen Atieno | ||
| 245 | 0 | _aological study of the status of the teaching of English language in secondary schools in Kenya and India | |
| 250 | _aJamia Millia Islamia | ||
| 260 |
_aNew Delhi _bJamia Millia Islamia _c2002 |
||
| 300 | _av, 242 | ||
| 650 |
_aEnglish language _vStudy and teaching |
||
| 650 |
_aEnglish language _vComparison |
||
| 650 | _aComparative education | ||
| 650 |
_aEducation _vAims and objectives |
||
| 710 | _aGhulam Dastgir and Ramesh Chandra Srisvastava | ||
| 942 | _cTH | ||